| 000 | 00735nam a2200241 a 4500 | ||
|---|---|---|---|
| 005 | 20210223124025.0 | ||
| 008 | 991125n 000 0 u | ||
| 035 | _aUPN01000097587 | ||
| 100 | 1 |
_aAlvermann, Donna E., _d1939- _940155 |
|
| 222 | _aREADING RESEARCH QUARTERLY | ||
| 245 | _aResponse : ways of knowing are ways of seeking - a response to roller | ||
| 300 | _a329-333 | ||
| 362 | _a26, No. 3, 1991 | ||
| 505 | _aEnero 1992 | ||
| 653 | 0 | _aINVESTIGACION DE CALIDAD | |
| 653 | 0 | _aINVESTIGACION EN EL AULA | |
| 653 | 0 | _aINVESTIGACION EN LA LECTURA | |
| 653 | 0 | _aMETODOLOGIA DE LA INVESTIGACION | |
| 653 | 0 | _aPROBLEMAS DE INVESTIGACION | |
| 700 | _aDillon, Deborah R. | ||
| 904 |
_aAC _b035398 |
||
| 905 | _aArticulo | ||
| 999 |
_c76232 _d76232 |
||